Представление документа в формате RUSMARC

ПолеНазваниеЗначение
  Тип записи a
  Библиографический уровень m
001 Контрольный номер RU/ГПНТБ России/KNIGADB/84(2=411.2)6/О-53-193847148
005 Дата корректировки 20260409122237.8
010 Индекс ISBN __
a ISBN 978-5-00214-797-7
b Уточнения в пер.
9 Тираж 3000 экз.
100 Данные общей обработки __
a Данные общей обработки 20260406d2025 d y0rusy028902 ca
101 Язык документа 0_
a Язык текста rus
102 Страна публикации __
a Страна публикации RU
105 Кодированные данные (монография) __
a Кодированные данные (монография) a z 000zy
181 Поле кодированных данных: вид содержания _0
a Код вида содержания (ISBD) i
182 Поле кодированных данных: тип средства _0
a Код типа средства (ISBD) n
200 Заглавие и сведения об ответственности 1_
a Заглавие Школа "Глобус"
e Сведения, относящиеся к заглавию [для детей среднего школьного возраста]
f Первые сведения об ответственности Алексей Олейников
g Последующие сведения об ответственности иллюстрации Tusya_art
203 Вид содержания и тип средства __
c Тип средства непосредственный
a Вид содержания Текст
210 Выходные данные 1_
a Место издания Москва
c Издательство МИФ
d Дата издания 2025
215 Физическое описание __
a Объем 285, [2] с.
c Иллюстрации/тип воспроизводства ил.
d Формат 21 см
225 Серия 2_
a Серия Лавка страха
330 Аннотация __
a Аннотация Всё изменилось в школе "Глобус", после того как Арсений и Миша случайно выломали дверь подвала и оттуда вытек фиолетовый туман. Вместе с ним в школу проникли демоны и единороги, призраки и роботы, киберкрысы и гигантские голуби. В расписании появились уроки практической магии, а в столовой – летающие булочки, ученики превратились в зомби, а учителя – в вампиров. Но кто создатель всего этого хаоса? И смогут ли Арсений, Миша и их подруга Лиза победить его и спасти мир от неизбежной катастрофы?
333 Примечание о целевом назначении __
a Примечание о целевом назначении 12+. Для детей старше 12 лет
606 Тематические рубрики __
2 Код системы nlr_sh
a Основная рубрика Художественная литература
606 Тематические рубрики __
2 Код системы nlr_sh
a Основная рубрика Современная русская литература (произведения)
610 Ключевые слова 0_
a Ключевые слова русская литература
610 Ключевые слова 0_
a Ключевые слова современная литература
610 Ключевые слова 0_
a Ключевые слова детская литература
610 Ключевые слова 0_
a Ключевые слова детская фантастика
610 Ключевые слова 0_
a Ключевые слова мистика
610 Ключевые слова 0_
a Ключевые слова приключения
610 Ключевые слова 0_
a Ключевые слова тема приключений
610 Ключевые слова 0_
a Ключевые слова школы
610 Ключевые слова 0_
a Ключевые слова тема школы
686 Индексы других классификаций __
2 Код системы rubbks
a Классификационный индекс ст84(2=411.2)6-445
700 Автор _1
a Фамилия Олейников
b Имя А. А.
g Полное личное имя Алексей Александрович
f Даты 1979-
4 Код отношения 070
702 Вторичная интеллектуальная ответственность _1
a Фамилия Половнева
4 Код отношения 440
b Имя Н.
c Титул (звания) Tusya_art
f Даты 2000-
g Полное личное имя Наталья
790 Имя лица - альтернативная форма _0
a Имя лица - альтернативная форма Tusya_art
c Титул (звания) Половнева, Наталья
f Даты 2000-
4 Код отношения 440
801 Источник записи _0
b Организация ГПНТБ России
a Страна RU
c Дата составления 20260406
g Правила каталогизации PSBO
801 Источник записи _1
b Организация ГПНТБ России
a Страна RU
c Дата составления 20260406
g Правила каталогизации PSBO
852 Данные о местонахождении 5_
j Шифр хранения ст84(2=411.2)6-445
i Авторский знак О-53
900 Макрообъекты __
a Макрообъекты Школа Глобус. Олейников, А. А. 2025.
901 Тип документа __
a Ответственный КиК/Обаева
t Тип документа m
901 Тип документа __
a Ответственный без партии
903 Характеристики (МАРС) __
a Дата передачи 20260406
c Наименование библиотеки (МАРС) Муниципальное бюджетное учреждение культуры "Централизованная библиотечная система" г. Сургут (Центральная городская библиотека им. А. С. Пушкина)
969 Тип издания __
a Тип издания издание для детей